000 00371nam a2200157Ia 4500
003 Ost
005 20260225132553.0
008 260225s9999||||xx |||||||||||||| ||und||
040 _cfsic
041 _afre
082 _a440
100 _aFrançois perroux
_eAuteur
245 0 _aDialogue des monopoles et des nations /
245 0 _cFrançois perroux
942 _cكتاب
999 _c34274
_d34274